Países por superficie total de países limítrofes - Estadísticas

Estadísticas generales
  • Esta prueba ha sido intentada 42 veces
  • La puntuación promedio es 11 de 20
Estadísticas de respuestas
Área en km² País % Correcto
28,102,417 China
98%
15,811,223 Rusia
98%
27,830,658 Kazajistán
73%
26,695,207 Mongolia
68%
15,184,649 Pakistán
61%
18,032,833 Ucrania
61%
13,205,668 Afganistán
56%
18,144,284 Bielorrusia
54%
12,912,361 Kirguistán
54%
17,162,805 Estonia
51%
17,872,343 Finlandia
51%
17,416,373 Letonia
51%
17,683,084 Lituania
51%
17,886,965 Noruega
51%
26,795,417 Corea del Norte
49%
17,998,151 Georgia
49%
19,629,446 Azerbaiyán
46%
18,459,662 Polonia
41%
12,988,135 Bolivia
34%
13,781,714 Myanmar
34%
No se encontraron pruebas coincidentes
Distribución de puntuación
Porcentaje de gente con cada puntuación
Porcentaje por número respondido
Historial de tus puntuaciones
No has intentado esta prueba.